000 00200 a2200097 4500
001 55837
100 _a
245 _aTarekh-e-ISLAM
260 _a
_bAcad Punjab
_c1987
090 _c34629
_d34629
942 _aNUST-CAE
_cMONOGRAPH
_c27368
999 _c290910
_d290910